Ženy v rodinných domácnostech s dětmi a jejich postavení na trhu práce v kontextu vývoje po roce 1989
Zmeny v rodinnom chovaní v Česku po roku 1989 - nárast rozpadu partnerských domácností, odkladanie narodenia detí do vyššieho veku, nárast počtu alternatívných spolužití. Zladenie rodinného a pracovného života. Vplyv vzdelania na participáciu matiek na trhu práce.
Saved in:
| Main Author: | |
|---|---|
| Format: | Book Chapter |
| Language: | Czech |
| Subjects: | |
| Tags: |
No Tags, Be the first to tag this record!
|
MARC
| LEADER | 00000naa a2200000 4500 | ||
|---|---|---|---|
| 001 | 0223602 | ||
| 005 | 20220715114629.6 | ||
| 041 | 0 | |a cze | |
| 044 | |a CZ | ||
| 245 | 1 | 0 | |a Ženy v rodinných domácnostech s dětmi a jejich postavení na trhu práce v kontextu vývoje po roce 1989 |c Ondřej Nývlt |
| 520 | |a Zmeny v rodinnom chovaní v Česku po roku 1989 - nárast rozpadu partnerských domácností, odkladanie narodenia detí do vyššieho veku, nárast počtu alternatívných spolužití. Zladenie rodinného a pracovného života. Vplyv vzdelania na participáciu matiek na trhu práce. | ||
| 610 | 2 | 0 | |a rodina |
| 610 | 2 | 0 | |a ženy |
| 610 | 2 | 0 | |a rozvodovosť |
| 610 | 2 | 0 | |a správanie |
| 610 | 2 | 0 | |a trh práce |
| 610 | 2 | 0 | |a vzdelanie |
| 610 | 2 | 0 | |a Česko |
| 100 | 1 | |a Nývlt, Ondřej | |